000 00750nam a2200289Ia 4500
005 20260324130804.0
008 008 260324s9999 xx 000 0 eng d
020 _a9781315251141
037 _aEBOOK
040 _aCRL
040 _beng
040 _cCRL
041 _2eng
041 _aeng
084 _qCRL
100 _aPaula Loscocco
_91183089
245 0 _aKatherine Philips (1631/2–1664): Printed Publications 1651–1664
245 0 _bPrinted Writings 1641–1700: Series II, Part Three, Volume 1
260 _bTaylor and Francis
260 _c2007
365 _a
365 _b59.99
856 _uhttp://www.taylorfrancis.com/books/9781315251141
942 _cEBOOK
999 _c1779593
_d1779593